000 00291nam a22001337a 4500
008 170413b xxu||||| |||| 00| 0 eng d
020 _a9780781748797
041 _aeng
080 _a618
100 _a10
101 _aSHM
245 _aGYNECOLOGY RECALL
_cBOURGEOIS.F.J
942 _2udc
_cBK
999 _c10588
_d10588